Diseño de un sistema mecánico para obtener energía de los mares en un rango de potencia teórica entre los 75W y los 4kW
保存先:
| 第一著者: | |
|---|---|
| その他の著者: | , |
| フォーマット: | 図書 |
| 出版事項: |
[San José, Costa Rica]
2009
|
| 主題: | |
| タグ: |
タグ追加
タグなし, このレコードへの初めてのタグを付けませんか!
|
MARC
| LEADER | 00000nam a2200000Ia 4500 | ||
|---|---|---|---|
| 003 | 001523 | ||
| 005 | 20221231144042.0 | ||
| 008 | 140114s2009 cr a 000 ||s d | ||
| 040 | |c cru CEDI | ||
| 090 | |a TFG 6038 | ||
| 100 | |a Arce Díaz, Luis Alonso |9 3397 | ||
| 245 | |a Diseño de un sistema mecánico para obtener energía de los mares en un rango de potencia teórica entre los 75W y los 4kW | ||
| 260 | |c 2009 |b [San José, Costa Rica] | ||
| 300 | |a xxii, 251, [54] hojas de láminas plegables; ilustraciones a color | ||
| 500 | |a Proyecto de graduación (licenciatura en ingeniería mecánica)--Universidad de Costa Rica. Facultad de Ingeniería. Escuela de Ingeniería Mécanica | ||
| 648 | |x ENERGIA MAREMOTRIZ |x INGENIERÍA MECÁNICA |x OCEANOGRAFIA |x COSTA RICA |9 3401 | ||
| 650 | |z ENERGIA Mecanica |9 3402 | ||
| 700 | |9 3398 |a Mora Vargas, Adolfo Ernesto | ||
| 700 | |9 3400 |a Odio Narvaéz, María Ximena | ||
| 942 | |c TFG | ||
| 999 | |c 16190 |d 16190 | ||
